000 00596nam a2200229Ia 4500
003 OSt
005 20221007072827.0
006 a|||||r|||| 00| 0
007 ta
008 221006b |||||||| |||| 00| 0 eng d
024 _a19,651
037 _cTextual
040 _aFLL
_cFLL
_beng
041 _2eng
_aeng
082 _aZ1:5, K5
100 _aMueller G.O.
_9691441
245 0 _aInternational criminal law
260 _aLondon
_bSweet and maxwell limited England
_c1965
300 _a660p
_ccm.
942 _hZ1:5, K5
_cTEXL
_2CC
999 _c1147051
_d1147051